Europäische Geographie nach Buchstabe - B #2 - Statistiken

Allgemein
  • Dieses Quiz wurde 101 mal gespielt
  • Das Durchschnittsergebnis liegt bei 13 aus 20
Antwortstatistiken
Beschreibung Antwort % Korrekt
Stadt, die bis 1989 durch eine Mauer geteilt war Berlin
100%
Nationaltier Russlands Bär
99%
Mallorca, Menorca, Ibiza usw. Balearische Inseln
86%
Grenzt an Griechenland und die Türkei Bulgarien
83%
Zweitgrößte Stadt des Vereinigten Königreichs Birmingham
81%
Königspalast in London Buckingham-Palast
79%
Norditalienische Stadt mit der ältesten Universität der Welt Bologna
70%
Europäische Nicht-EU-Staaten Bosnien und Herzegowina
68%
Europäische Nicht-EU-Staaten Belarus
67%
Volksgruppe im Nordosten Spaniens Basken
65%
Hauptstadt an der Donau Budapest
62%
Eine der beiden Städte im „Absatz“ Italiens, die mit B beginnen Bari / Brindisi
56%
Bedeutende Stadt am Dreiländereck Schweiz–Deutschland–Frankreich Basel
53%
Belgische Stadt mit Kanälen, im Mittelalter bedeutendes Handelszentrum Brügge
53%
Hauptstadt an der Donau Bratislava
51%
Historische Region Frankreichs, die einem beliebten Weichkäse den Namen gab Brie
51%
Hauptstadt an der Donau Belgrad
47%
Berühmtes Moskauer Balletttheater Bolschoi-Theater
46%
Britische Kurstadt, von den Römern gegründet Bath
35%
Größte Stadt in Ulster Belfast
35%
Keine übereinstimmenden Quizze gefunden
Verteilung der Resultate
Anzahl Personen mit jedem Resultat
Perzentil nach korrekt beantworteten Fragen
Ihre Resultats-Entwicklung
Sie haben dieses Quiz noch nicht gespielt